00322nam a2200133Ia 4500003000400000005001700004008004100021040000900062082001900071100001900090245003700109260003400146300000800180OSt20211120112416.0190216s9999||||xx |||||||||||||| ||und|| coclc a320.532bKUR/L aKurian, Leonid 0aLeninde Osiyath /cLeonid Kurian bSoviet Granda Shala,aMadras: a79p